La medición de la pobrezas en Andalucía.
Guardado en:
| Autor Corporativo: | |
|---|---|
| Formato: | Libro |
| Idioma: | Spanish |
| Publicado: |
Málaga :
Universidad,
s.f.
|
| Series: | Papeles de Trabajo
|
| Materias: | |
| Etiquetas: |
Agregar Etiqueta
Sin Etiquetas, Sea el primero en etiquetar este registro!
|
| LEADER | 00583nam a22001935a 4500 | ||
|---|---|---|---|
| 001 | EEO.bibeco007455 | ||
| 003 | AR-BaUEB | ||
| 005 | 20110412134610.0 | ||
| 008 | 080718ss.f.####sp#d##########000#0#spa#d | ||
| 245 | 1 | 3 | |a La medición de la pobrezas en Andalucía. |
| 260 | |a Málaga : |b Universidad, |c s.f. | ||
| 300 | |a 59 p. | ||
| 490 | 1 | |a Papeles de Trabajo | |
| 110 | 2 | |a Universidad de Málaga. |b Facultad de Ciencias Económicas y Empresariales. | |
| 082 | 0 | 4 | |a I-UMA-PT17 |
| 653 | |a Pobreza | ||
| 653 | |a Medicion | ||
| 653 | |a Andalucia | ||
| 859 | |a AR-BaUEB |b BIB. ECONOMIA - General |h I-UMA-PT17 |p e10293 | ||
